Alex Verus. I., Předurčený /
Úvodní román fantasy série o londýnském mágovi a věštci jménem Alex Verus.
Uloženo v:
| Série: | Alex Verus,
část 1 |
|---|---|
| Hlavní autor: | |
| Další autoři: | |
| Médium: | E-kniha |
| Jazyk: | Czech |
| Vydáno: |
Ostrava :
Fantom Print,
2020
|
| Vydání: | 1. vydání |
| Témata: | |
| Příbuzné jednotky: | Z cyklu::
Alex Verus |
| Tagy: |
Žádné tagy |
| LEADER | 02496nam a2200457 i 4500 | ||
|---|---|---|---|
| 001 | 311137 | ||
| 003 | CZ PrSKC | ||
| 005 | 20260601215700.0 | ||
| 007 | ta | ||
| 008 | 200224s2020 xr g 000 f cze | ||
| 015 | |a cnb003176112 | ||
| 020 | |a 9788075940537 |q (brožováno) | ||
| 035 | |a (OCoLC)1200247502 | ||
| 040 | |a ABG001 |b cze |d ABA001 |e rda | ||
| 041 | 1 | |a cze |h eng | |
| 072 | 7 | |a 821.111-3 |x Anglická próza, anglicky psaná |2 Konspekt | |
| 080 | |a 821.111-31 |2 MRF | ||
| 080 | |a (0:82-312.9) |2 MRF | ||
| 100 | 1 | |a Jacka, Benedict, |d 1980- |7 xx0245362 |4 aut | |
| 240 | 1 | 0 | |a Fated. |l Česky |
| 245 | 1 | 0 | |a Alex Verus. |n I., |p Předurčený / |c Benedict Jacka ; překlad Kateřina Niklová |
| 246 | 3 | 0 | |a Předurčený |
| 250 | |a 1. vydání | ||
| 264 | 1 | |a Ostrava : |b Fantom Print, |c 2020 | |
| 300 | |a 319 stran ; |c 21 cm | ||
| 336 | |a text |b txt |2 rdacontent | ||
| 337 | |a bez média |b n |2 rdamedia | ||
| 338 | |a svazek |b nc |2 rdacarrier | ||
| 500 | |a Přeloženo z angličtiny | ||
| 520 | 2 | |a Úvodní román fantasy série o londýnském mágovi a věštci jménem Alex Verus. |b Alex Verus je součástí světa skrytého všem na očích, vede totiž magický obchod v Londýně. A třebaže Alexova vlastní moc není tak okázalá jako moc některých jiných mágů, má tu výhodu, že dokáže předpovídat možnou budoucnost - umožňuje mu to tak plnit úkoly, které mají šanci na úspěch jedna ku milionu. Když však Alexe osloví hned několik stran, aby odemkl relikvii z dávné magické války, ví, že ať už se v ní ukrývá cokoli, musí to být mimořádně mocná věc. A díky svým schopnostem umí Alex předpovědět, že když se úkolu ujme, jeho vlastní šance na přežití klesnou z minimálních na nulové... Nakladatelská anotace. | |
| 655 | 7 | |a anglické romány |7 fd131814 |2 czenas | |
| 655 | 7 | |a fantasy romány |7 fd184199 |2 czenas | |
| 655 | 9 | |a English fiction |2 eczenas | |
| 655 | 9 | |a fantasy novels |2 eczenas | |
| 700 | 1 | |a Niklová, Kateřina, |d 1979- |7 xx0038698 |4 trl | |
| 787 | 0 | 8 | |i Z cyklu: |t Alex Verus |g 1 |
| 900 | |a ABA001 |b 21 | ||
| 044 | |a xr | ||
| 910 | |a RBIT002 | ||
| 998 | |d 203692 |a https://core.palmknihy.cz/api/books/203692/cover?q5l6k4 |b https://core.palmknihy.cz/api/books/203692/cover/400?q5l6k4 |c https://core.palmknihy.cz/api/books/203692/cover/50?q5l6k4 |e 2026-09-19 |g 320 |i 9788075940537 |j https://core.palmknihy.cz/api/books/203692/preview.epub |l |q 49 |r 1 |s https://www.palmknihy.cz/kniha/203692 |t ebook |y 2020 |z 0 |v Alex Verus |w 1 | ||
| 999 | |d 311135 | ||